01376nam a22001937a 450000500170000000800410001702000180005804000070007604100120008308200240009510000150011924500400013426000440017430000260021836500300024452008770027465000130115165000180116420250218095710.0250217b ||||| |||| 00| 0 eng d a9788195274987 cAL aEnglish 223a279.54871bMOOH aJ Moore SJ aHistory of the Diocese of Mangalore aMangalurubSt Aloysius Prakashanac2024 a252 p.bPBc21x14 cm. b₹400.00c₹d₹400.00 aEDITOR'S PREFACE HIS History was begun in The Mangalore Magazine, a T quarterly publication that serves as the organ and record of St. Aloysius College, Mangalore, and appeared in instalments from Michaelmas 1901 till Christmas 1904, when it was brought to a conclusion. After each impression a number of copies were struck off in book form, and at the end a necrology has been added of the members of the Society of Jesus and the secular priests who laboured in the Diocese since it was committed to the care of the Province of Venice in 1878. The materials were taken mainly from a manuscript History left by the late Father Maffei, S. J., to which many things were added from other available sources. Several inaccuracies were noted in the Magazine during publication, which will be found corrected at the end of the volume. Mangalore, January 1, 1905 J. Moore, S.J.  aReligion aChristianity